000 00355nam a22001457a 4500
003 MACL
005 20190810153445.0
008 190810b xxu||||| |||| 00| 0 eng d
040 _c MACL
100 _aSrivastav Santosh
_976201
245 _aRomancing The Thames
260 _aDelhi
_bSamayik Books
_c2015
650 _aNovel
_976202
942 _2ddc
_cBK
999 _c60714
_d60714